Piano technique demstified (Record no. 16184)
[ view plain ]
| 000 -LEADER | |
|---|---|
| fixed length control field | 00464nam a22001577a 4500 |
| 008 - FIXED-LENGTH DATA ELEMENTS--GENERAL INFORMATION | |
| fixed length control field | 161011b xxu||||| |||| 00| 0 eng d |
| 020 ## - INTERNATIONAL STANDARD BOOK NUMBER | |
| International Standard Book Number | 1496163036 |
| 040 ## - CATALOGING SOURCE | |
| Original cataloging agency | KABU |
| Transcribing agency | KABU |
| 050 ## - LIBRARY OF CONGRESS CALL NUMBER | |
| Classification number | MT46 |
| Item number | .S73 2014 C.1 |
| 100 ## - MAIN ENTRY--PERSONAL NAME | |
| Personal name | Stannard, Neil |
| 245 ## - TITLE STATEMENT | |
| Title | Piano technique demstified |
| Remainder of title | insights into problem solving |
| Statement of responsibility, etc. | by Neil Stannard |
| 250 ## - EDITION STATEMENT | |
| Edition statement | 2nd ed. revised and expanded |
| 260 ## - PUBLICATION, DISTRIBUTION, ETC. (IMPRINT) | |
| Date of publication, distribution, etc. | 2014 |
| 300 ## - PHYSICAL DESCRIPTION | |
| Extent | ix,136 p. |
| 942 ## - ADDED ENTRY ELEMENTS (KOHA) | |
| Source of classification or shelving scheme | Library of Congress Classification |
| Koha item type | General Collection |
| Edition | 2nd ed.rev. and expanded |
| Withdrawn status | Lost status | Source of classification or shelving scheme | Not for loan | Home library | Current library | Shelving location | Date acquired | Cost, normal purchase price | Total Checkouts | Total Renewals | Full call number | Barcode | Date last seen | Date last checked out | Copy number | Price effective from | Koha item type |
|---|---|---|---|---|---|---|---|---|---|---|---|---|---|---|---|---|---|
| Library of Congress Classification | Kabarak, Main Campus | Kabarak, Main Campus | General Stacks | 11/10/2016 | 2536.05 | 5 | 2 | MT46 .S73 2014 C.1 | 026092 | 23/07/2024 | 10/01/2023 | C.1 | 11/10/2016 | General Collection |